[Event "ABC-4 2025 Groep A"]
[Site "Utrecht"]
[Date "2025.03.16"]
[Round "5.2"]
[White "Leenen, Boyd"]
[Black "Rogozyanskiy, Alexander"]
[Result "1/2-1/2"]
[WhiteFideId "8809306"]
[BlackFideId "8973866"]
[WhiteElo "2018"]
[BlackElo "1959"]

1. f4 {[%clk 00:55:18]} {[%emt 00:00:01]} d5 {[%clk 00:55:16]} {[%emt
00:00:04]} 2. Nf3 {[%clk 00:55:24]} {[%emt 00:00:04]} Nf6 {[%clk 00:55:23]}
{[%emt 00:00:04]} 3. g3 {[%clk 00:55:29]} {[%emt 00:00:04]} g6 {[%clk
00:55:31]} {[%emt 00:00:02]} 4. Bg2 {[%clk 00:55:36]} {[%emt 00:00:04]} Bg7
{[%clk 00:55:37]} {[%emt 00:00:03]} 5. O-O {[%clk 00:55:41]} {[%emt 00:00:05]}
b6 {[%clk 00:55:41]} {[%emt 00:00:06]} 6. d3 {[%clk 00:55:47]} {[%emt
00:00:04]} Bb7 {[%clk 00:55:45]} {[%emt 00:00:06]} 7. c3 {[%clk 00:55:41]}
{[%emt 00:00:16]} O-O {[%clk 00:55:20]} {[%emt 00:00:36]} 8. a4 {[%clk
00:54:32]} {[%emt 00:01:20]} c5 {[%clk 00:54:22]} {[%emt 00:01:07]} 9. Na3
{[%clk 00:54:23]} {[%emt 00:00:20]} Nc6 {[%clk 00:53:44]} {[%emt 00:00:48]} 10.
Qc2 {[%clk 00:52:23]} {[%emt 00:02:11]} d4 {[%clk 00:40:42]} {[%emt 00:13:11]}
11. e4 {[%clk 00:49:41]} {[%emt 00:02:52]} dxe3 {[%clk 00:39:00]} {[%emt
00:01:53]} 12. Bxe3 {[%clk 00:49:42]} {[%emt 00:00:08]} Ng4 {[%clk 00:38:11]}
{[%emt 00:00:59]} 13. Rfe1 {[%clk 00:48:43]} {[%emt 00:01:09]} Nxe3 {[%clk
00:35:28]} {[%emt 00:02:53]} 14. Rxe3 {[%clk 00:46:19]} {[%emt 00:02:34]} Qd7
{[%clk 00:35:01]} {[%emt 00:00:37]} 15. Nc4 {[%clk 00:45:04]} {[%emt 00:01:25]}
Rfd8 {[%clk 00:30:45]} {[%emt 00:04:27]} 16. Rae1 {[%clk 00:39:57]} {[%emt
00:05:16]} e6 {[%clk 00:27:37]} {[%emt 00:03:18]} 17. Bh3 {[%clk 00:27:55]}
{[%emt 00:12:12]} Qc7 {[%clk 00:22:16]} {[%emt 00:05:32]} 18. Bg2 {[%clk
00:15:58]} {[%emt 00:12:06]} Rd7 {[%clk 00:19:25]} {[%emt 00:03:01]} 19. Nfe5
{[%clk 00:12:41]} {[%emt 00:03:28]} Nxe5 {[%clk 00:16:51]} {[%emt 00:02:44]} 20.
Nxe5 {[%clk 00:12:47]} {[%emt 00:00:03]} Bxe5 {[%clk 00:15:52]} {[%emt
00:01:09]} 21. fxe5 {[%clk 00:12:45]} {[%emt 00:00:13]} Rad8 {[%clk 00:15:38]}
{[%emt 00:00:24]} 22. h3 {[%clk 00:04:57]} {[%emt 00:07:58]} Bxg2 {[%clk
00:13:06]} {[%emt 00:02:41]} 23. Kxg2 {[%clk 00:05:06]} {[%emt 00:00:01]} Rd5
{[%clk 00:13:07]} {[%emt 00:00:10]} 24. b3 {[%clk 00:04:56]} {[%emt 00:00:20]}
Qb7 {[%clk 00:12:38]} {[%emt 00:00:39]} 25. Kh2 {[%clk 00:04:55]} {[%emt
00:00:10]} Qe7 {[%clk 00:12:44]} {[%emt 00:00:04]} 26. Qe2 {[%clk 00:04:49]}
{[%emt 00:00:16]} R8d7 {[%clk 00:12:10]} {[%emt 00:00:45]} 27. Rf1 {[%clk
00:04:28]} {[%emt 00:00:30]} Qg5 {[%clk 00:11:55]} {[%emt 00:00:26]} 28. Rff3
{[%clk 00:04:17]} {[%emt 00:00:20]} h5 {[%clk 00:11:17]} {[%emt 00:00:48]} 29.
h4 {[%clk 00:03:43]} {[%emt 00:00:44]} Qd8 {[%clk 00:10:30]} {[%emt 00:00:56]}
30. Qf1 {[%clk 00:03:22]} {[%emt 00:00:32]} Qc7 {[%clk 00:09:38]} {[%emt
00:01:02]} 31. Qe2 {[%clk 00:03:28]} {[%emt 00:00:04]} Rd8 {[%clk 00:09:23]}
{[%emt 00:00:25]} 32. Kh3 {[%clk 00:03:25]} {[%emt 00:00:12]} Qe7 {[%clk
00:07:39]} {[%emt 00:01:55]} 33. Rf6 {[%clk 00:02:30]} {[%emt 00:01:05]}
1/2-1/2

[Event "ABC-4 2025 Groep A"]
[Site "Utrecht"]
[Date "2025.03.16"]
[Round "5.3"]
[White "Van Hesselingen, Guido"]
[Black "Moskalets, Sofia"]
[Result "1-0"]
[WhiteFideId "8795941"]
[BlackFideId "9002081"]
[WhiteElo "2173"]
[BlackElo "2150"]

1. e4 {[%clk 00:55:15]} {[%emt 00:00:03]} e5 {[%clk 00:55:12]} {[%emt
00:00:09]} 2. Nf3 {[%clk 00:55:18]} {[%emt 00:00:07]} Nc6 {[%clk 00:55:17]}
{[%emt 00:00:05]} 3. d4 {[%clk 00:55:16]} {[%emt 00:00:12]} exd4 {[%clk
00:54:28]} {[%emt 00:01:00]} 4. Nxd4 {[%clk 00:55:19]} {[%emt 00:00:06]} d6
{[%clk 00:52:19]} {[%emt 00:02:20]} 5. Nc3 {[%clk 00:53:37]} {[%emt 00:01:51]}
Nf6 {[%clk 00:49:57]} {[%emt 00:02:33]} 6. Bc4 {[%clk 00:49:39]} {[%emt
00:04:08]} Be7 {[%clk 00:48:13]} {[%emt 00:01:54]} 7. f3 {[%clk 00:48:28]}
{[%emt 00:01:21]} O-O {[%clk 00:47:47]} {[%emt 00:00:37]} 8. Be3 {[%clk
00:48:08]} {[%emt 00:00:29]} Nxd4 {[%clk 00:43:46]} {[%emt 00:04:11]} 9. Qxd4
{[%clk 00:46:33]} {[%emt 00:01:44]} a6 {[%clk 00:38:58]} {[%emt 00:04:59]} 10.
Qd2 {[%clk 00:40:06]} {[%emt 00:06:37]} b5 {[%clk 00:31:57]} {[%emt 00:07:11]}
11. Bb3 {[%clk 00:38:14]} {[%emt 00:02:02]} c5 {[%clk 00:31:01]} {[%emt
00:01:06]} 12. Bd5 {[%clk 00:36:28]} {[%emt 00:01:55]} Rb8 {[%clk 00:25:55]}
{[%emt 00:05:17]} 13. Rd1 {[%clk 00:26:19]} {[%emt 00:10:19]} b4 {[%clk
00:20:31]} {[%emt 00:05:34]} 14. Ne2 {[%clk 00:26:10]} {[%emt 00:00:18]} Nxd5
{[%clk 00:20:35]} {[%emt 00:00:07]} 15. Qxd5 {[%clk 00:25:52]} {[%emt
00:00:29]} Be6 {[%clk 00:18:45]} {[%emt 00:02:00]} 16. Qd2 {[%clk 00:24:26]}
{[%emt 00:01:35]} Qa5 {[%clk 00:16:50]} {[%emt 00:02:06]} 17. O-O {[%clk
00:16:43]} {[%emt 00:07:52]} Rfd8 {[%clk 00:11:54]} {[%emt 00:05:06]} 18. Nf4
{[%clk 00:15:48]} {[%emt 00:01:04]} Bc4 {[%clk 00:11:39]} {[%emt 00:00:26]} 19.
Rfe1 {[%clk 00:15:29]} {[%emt 00:00:29]} Bf6 {[%clk 00:10:31]} {[%emt
00:01:18]} 20. Qc1 {[%clk 00:13:33]} {[%emt 00:02:05]} Qxa2 {[%clk 00:09:13]}
{[%emt 00:01:30]} 21. b3 {[%clk 00:13:31]} {[%emt 00:00:12]} Be6 {[%clk
00:09:05]} {[%emt 00:00:17]} 22. Nd5 {[%clk 00:12:57]} {[%emt 00:00:44]} Bxd5
{[%clk 00:08:14]} {[%emt 00:01:01]} 23. Rxd5 {[%clk 00:13:00]} {[%emt
00:00:06]} c4 {[%clk 00:06:50]} {[%emt 00:01:35]} 24. Qd1 {[%clk 00:10:14]}
{[%emt 00:02:56]} Rbc8 {[%clk 00:03:36]} {[%emt 00:03:24]} 25. Bb6 {[%clk
00:07:44]} {[%emt 00:02:40]} Re8 {[%clk 00:02:57]} {[%emt 00:00:50]} 26. Re2
{[%clk 00:04:53]} {[%emt 00:03:00]} Be5 {[%clk 00:01:59]} {[%emt 00:01:08]} 27.
Bd4 {[%clk 00:04:07]} {[%emt 00:00:57]} h6 {[%clk 00:01:28]} {[%emt 00:00:41]}
28. Rd2 {[%clk 00:03:43]} {[%emt 00:00:33]} Bf4 {[%clk 00:01:29]} {[%emt
00:00:10]} 29. Re2 {[%clk 00:03:38]} {[%emt 00:00:15]} cxb3 {[%clk 00:00:34]}
{[%emt 00:01:04]} 30. cxb3 {[%clk 00:03:45]} {[%emt 00:00:03]} Rc1 {[%clk
00:00:43]} {[%emt 00:00:02]} 31. Rxa2 {[%clk 00:03:04]} {[%emt 00:00:52]} Rxd1+
{[%clk 00:00:51]} {[%emt 00:00:01]} 32. Kf2 {[%clk 00:03:12]} {[%emt 00:00:02]}
Bxh2 {[%clk 00:00:46]} {[%emt 00:00:15]} 33. Ke2 {[%clk 00:03:02]} {[%emt
00:00:21]} Rb1 {[%clk 00:00:55]} {[%emt 00:00:02]} 34. Rb2 {[%clk 00:02:40]}
{[%emt 00:00:32]} Rxb2+ {[%clk 00:00:55]} {[%emt 00:00:10]} 35. Bxb2 {[%clk
00:02:48]} Ra8 {[%clk 00:00:45]} {[%emt 00:00:20]} 36. Bd4 {[%clk 00:02:04]}
{[%emt 00:00:54]} Bf4 {[%clk 00:00:34]} {[%emt 00:00:21]} 37. Kd3 {[%clk
00:02:00]} {[%emt 00:00:14]} Bg3 {[%clk 00:00:29]} {[%emt 00:00:15]} 38. Kc4
{[%clk 00:01:52]} {[%emt 00:00:18]} a5 {[%clk 00:00:26]} {[%emt 00:00:13]} 39.
Kb5 {[%clk 00:01:14]} {[%emt 00:00:48]} a4 {[%clk 00:00:21]} {[%emt 00:00:15]}
40. bxa4 {[%clk 00:00:54]} {[%emt 00:00:30]} b3 {[%clk 00:00:30]} {[%emt
00:00:01]} 41. Bb2 {[%clk 00:00:57]} {[%emt 00:00:06]} Rc8 {[%clk 00:00:31]}
{[%emt 00:00:09]} 42. Rd2 {[%clk 00:00:54]} {[%emt 00:00:12]} Bf4 {[%clk
00:00:32]} {[%emt 00:00:10]} 43. Rd3 {[%clk 00:00:37]} {[%emt 00:00:27]} Rb8+
{[%clk 00:00:18]} {[%emt 00:00:24]} 44. Kc4 {[%clk 00:00:41]} {[%emt 00:00:06]}
Ra8 {[%clk 00:00:16]} {[%emt 00:00:12]} 45. Kxb3 {[%clk 00:00:47]} {[%emt
00:00:04]} Rb8+ {[%clk 00:00:25]} {[%emt 00:00:01]} 46. Kc2 {[%clk 00:00:43]}
{[%emt 00:00:14]} Rc8+ {[%clk 00:00:25]} {[%emt 00:00:10]} 47. Rc3 {[%clk
00:00:43]} {[%emt 00:00:10]} Ra8 {[%clk 00:00:30]} {[%emt 00:00:05]} 48. Ra3
{[%clk 00:00:36]} {[%emt 00:00:16]} Rc8+ {[%clk 00:00:26]} {[%emt 00:00:15]} 49.
Kd3 {[%clk 00:00:42]} {[%emt 00:00:04]} Rb8 {[%clk 00:00:20]} {[%emt 00:00:16]}
50. Bd4 {[%clk 00:00:35]} {[%emt 00:00:17]} Bc1 {[%clk 00:00:15]} {[%emt
00:00:16]} 51. Ra2 {[%clk 00:00:40]} {[%emt 00:00:03]} Bg5 {[%clk 00:00:18]}
{[%emt 00:00:08]} 52. a5 {[%clk 00:00:30]} {[%emt 00:00:20]} Kf8 {[%clk
00:00:24]} {[%emt 00:00:03]} 53. Kc4 {[%clk 00:00:35]} {[%emt 00:00:05]} Ke8
{[%clk 00:00:32]} {[%emt 00:00:02]} 54. a6 {[%clk 00:00:34]} {[%emt 00:00:11]}
Kd7 {[%clk 00:00:36]} {[%emt 00:00:06]} 55. a7 {[%clk 00:00:36]} {[%emt
00:00:09]} Ra8 {[%clk 00:00:40]} {[%emt 00:00:05]} 56. Kd5 {[%clk 00:00:43]}
{[%emt 00:00:02]} Bd8 {[%clk 00:00:43]} {[%emt 00:00:07]} 57. Ra6 {[%clk
00:00:36]} {[%emt 00:00:18]} Bc7 {[%clk 00:00:45]} {[%emt 00:00:08]} 58. Bxg7
{[%clk 00:00:38]} {[%emt 00:00:07]} h5 {[%clk 00:00:54]} {[%emt 00:00:02]} 59.
Bd4 {[%clk 00:00:39]} {[%emt 00:00:08]} Bd8 {[%clk 00:00:52]} {[%emt 00:00:12]}
60. Rxd6+ {[%clk 00:00:43]} {[%emt 00:00:06]} Kc8 {[%clk 00:01:00]} {[%emt
00:00:03]} 61. Kc6 {[%clk 00:00:46]} {[%emt 00:00:07]} Be7 {[%clk 00:01:04]}
{[%emt 00:00:06]} 62. Rd7 {[%clk 00:00:48]} {[%emt 00:00:08]} 1-0

[Event "ABC-4 2025 Groep A"]
[Site "Utrecht"]
[Date "2025.03.16"]
[Round "5.4"]
[White "Smeenk, Merijn"]
[Black "Van de Poel, Jona"]
[Result "0-1"]
[WhiteFideId "8707919"]
[BlackFideId "8707633"]
[WhiteElo "1993"]
[BlackElo "1977"]

1. e4 {[%clk 00:55:15]} {[%emt 00:00:04]} c5 {[%clk 00:55:16]} {[%emt
00:00:05]} 2. Nf3 {[%clk 00:55:17]} {[%emt 00:00:08]} Nc6 {[%clk 00:55:22]}
{[%emt 00:00:05]} 3. d4 {[%clk 00:55:19]} {[%emt 00:00:08]} cxd4 {[%clk
00:55:27]} {[%emt 00:00:04]} 4. Nxd4 {[%clk 00:55:23]} {[%emt 00:00:06]} Nf6
{[%clk 00:55:33]} {[%emt 00:00:04]} 5. Nc3 {[%clk 00:55:23]} {[%emt 00:00:10]}
e6 {[%clk 00:55:39]} {[%emt 00:00:05]} 6. Ndb5 {[%clk 00:55:12]} {[%emt
00:00:21]} Bc5 {[%clk 00:55:43]} {[%emt 00:00:06]} 7. Be3 {[%clk 00:45:20]}
{[%emt 00:10:02]} Bxe3 {[%clk 00:51:19]} {[%emt 00:04:35]} 8. Nd6+ {[%clk
00:45:16]} {[%emt 00:00:14]} Ke7 {[%clk 00:50:00]} {[%emt 00:01:28]} 9. fxe3
{[%clk 00:45:19]} {[%emt 00:00:07]} a6 {[%clk 00:49:10]} {[%emt 00:01:01]} 10.
Be2 {[%clk 00:41:54]} {[%emt 00:03:35]} Qc7 {[%clk 00:49:00]} {[%emt 00:00:20]}
11. Nxc8+ {[%clk 00:41:38]} {[%emt 00:00:26]} Raxc8 {[%clk 00:48:59]} {[%emt
00:00:11]} 12. O-O {[%clk 00:39:59]} {[%emt 00:01:49]} Qe5 {[%clk 00:45:54]}
{[%emt 00:03:15]} 13. Bd3 {[%clk 00:33:50]} {[%emt 00:06:18]} h5 {[%clk
00:45:36]} {[%emt 00:00:29]} 14. Qf3 {[%clk 00:32:28]} {[%emt 00:01:31]} Rcf8
{[%clk 00:38:35]} {[%emt 00:07:12]} 15. Qf4 {[%clk 00:29:44]} {[%emt 00:02:54]}
Ng4 {[%clk 00:37:38]} {[%emt 00:01:08]} 16. h3 {[%clk 00:28:00]} {[%emt
00:01:53]} g5 {[%clk 00:37:11]} {[%emt 00:00:37]} 17. Qxe5 {[%clk 00:27:59]}
{[%emt 00:00:11]} Ngxe5 {[%clk 00:37:15]} {[%emt 00:00:05]} 18. Kf2 {[%clk
00:18:35]} {[%emt 00:09:34]} h4 {[%clk 00:32:54]} {[%emt 00:04:32]} 19. g4
{[%clk 00:14:40]} {[%emt 00:04:06]} hxg3+ {[%clk 00:29:48]} {[%emt 00:03:15]}
20. Kxg3 {[%clk 00:14:38]} {[%emt 00:00:10]} Rh4 {[%clk 00:29:33]} {[%emt
00:00:26]} 21. Rh1 {[%clk 00:13:02]} {[%emt 00:01:47]} Rfh8 {[%clk 00:29:10]}
{[%emt 00:00:33]} 22. Kg2 {[%clk 00:12:59]} {[%emt 00:00:13]} Nb4 {[%clk
00:27:39]} {[%emt 00:01:41]} 23. Rad1 {[%clk 00:11:57]} {[%emt 00:01:12]} g4
{[%clk 00:27:33]} {[%emt 00:00:16]} 24. hxg4 {[%clk 00:11:12]} {[%emt
00:00:54]} Rxh1 {[%clk 00:27:38]} {[%emt 00:00:06]} 25. Rxh1 {[%clk 00:11:17]}
{[%emt 00:00:05]} Rxh1 {[%clk 00:27:43]} {[%emt 00:00:04]} 26. Kxh1 {[%clk
00:11:23]} {[%emt 00:00:04]} Nxg4 {[%clk 00:27:45]} {[%emt 00:00:08]} 27. Na4
{[%clk 00:06:57]} {[%emt 00:04:37]} Nxd3 {[%clk 00:26:37]} {[%emt 00:01:18]} 28.
cxd3 {[%clk 00:07:00]} {[%emt 00:00:07]} Nf2+ {[%clk 00:26:43]} {[%emt
00:00:04]} 29. Kg2 {[%clk 00:06:41]} {[%emt 00:00:28]} Nxd3 {[%clk 00:26:48]}
{[%emt 00:00:06]} 30. b3 {[%clk 00:05:52]} {[%emt 00:00:59]} b5 {[%clk
00:26:47]} {[%emt 00:00:11]} 31. Nc3 {[%clk 00:05:36]} {[%emt 00:00:25]} Kd6
{[%clk 00:26:21]} {[%emt 00:00:37]} 32. a3 {[%clk 00:04:38]} {[%emt 00:01:08]}
Nc5 {[%clk 00:23:18]} {[%emt 00:03:13]} 33. b4 {[%clk 00:04:08]} {[%emt
00:00:40]} Na4 {[%clk 00:23:24]} {[%emt 00:00:03]} 34. Nd1 {[%clk 00:02:00]}
{[%emt 00:02:19]} Nb6 {[%clk 00:23:19]} {[%emt 00:00:16]} 35. Nb2 {[%clk
00:01:08]} {[%emt 00:01:02]} Nc4 {[%clk 00:23:18]} {[%emt 00:00:11]} 36. Nxc4+
{[%clk 00:01:02]} {[%emt 00:00:15]} bxc4 {[%clk 00:23:23]} {[%emt 00:00:04]} 37.
Kf3 {[%clk 00:00:58]} {[%emt 00:00:14]} Ke5 {[%clk 00:23:16]} {[%emt 00:00:17]}
38. a4 {[%clk 00:01:02]} {[%emt 00:00:07]} f6 {[%clk 00:22:58]} {[%emt
00:00:27]} 39. a5 {[%clk 00:00:34]} {[%emt 00:00:39]} Kd6 {[%clk 00:22:46]}
{[%emt 00:00:23]} 40. e5+ {[%clk 00:00:17]} {[%emt 00:00:26]} fxe5 {[%clk
00:22:11]} {[%emt 00:00:45]} 41. Ke2 {[%clk 00:00:12]} {[%emt 00:00:15]} Kc6
{[%clk 00:22:13]} {[%emt 00:00:09]} 42. Kd2 {[%clk 00:00:19]} {[%emt 00:00:02]}
Kb5 {[%clk 00:22:19]} {[%emt 00:00:05]} 43. Kc3 {[%clk 00:00:25]} {[%emt
00:00:03]} d6 {[%emt 00:00:41]} 0-1

[Event "ABC-4 2025 Groep A"]
[Site "Utrecht"]
[Date "2025.03.16"]
[Round "5.5"]
[White "Nalivaieva, Alisa"]
[Black "Gupta, Akul"]
[Result "1-0"]
[WhiteFideId "9073482"]
[BlackFideId "8925180"]
[WhiteElo "1797"]
[BlackElo "1930"]

1. d4 {[%clk 00:55:19]} Nf6 {[%clk 00:53:37]} {[%emt 00:01:44]} 2. Nf3 {[%clk
00:55:21]} {[%emt 00:00:07]} e6 {[%clk 00:52:58]} {[%emt 00:00:51]} 3. c4
{[%clk 00:55:11]} {[%emt 00:00:20]} Bb4+ {[%clk 00:53:00]} {[%emt 00:00:08]} 4.
Nc3 {[%clk 00:54:56]} {[%emt 00:00:25]} b6 {[%clk 00:52:59]} {[%emt 00:00:11]}
5. a3 {[%clk 00:54:20]} {[%emt 00:00:46]} Bxc3+ {[%clk 00:53:01]} {[%emt
00:00:08]} 6. bxc3 {[%clk 00:54:27]} {[%emt 00:00:02]} Bb7 {[%clk 00:53:01]}
{[%emt 00:00:10]} 7. Bg5 {[%clk 00:54:03]} {[%emt 00:00:33]} h6 {[%clk
00:52:25]} {[%emt 00:00:46]} 8. Bh4 {[%clk 00:53:52]} {[%emt 00:00:22]} g5
{[%clk 00:49:16]} {[%emt 00:03:18]} 9. Bg3 {[%clk 00:53:44]} {[%emt 00:00:19]}
Ne4 {[%clk 00:49:03]} {[%emt 00:00:23]} 10. Qc2 {[%clk 00:53:20]} {[%emt
00:00:34]} d6 {[%clk 00:48:09]} {[%emt 00:01:04]} 11. e3 {[%clk 00:49:27]}
{[%emt 00:04:03]} Nd7 {[%clk 00:47:09]} {[%emt 00:01:10]} 12. Rd1 {[%clk
00:43:25]} {[%emt 00:06:13]} f5 {[%clk 00:44:13]} {[%emt 00:03:05]} 13. Nd2
{[%clk 00:40:11]} {[%emt 00:03:24]} Qf6 {[%clk 00:43:37]} {[%emt 00:00:46]} 14.
f3 {[%clk 00:39:36]} {[%emt 00:00:45]} Nxd2 {[%clk 00:42:03]} {[%emt 00:01:44]}
15. Rxd2 {[%clk 00:39:14]} {[%emt 00:00:32]} O-O-O {[%clk 00:42:04]} {[%emt
00:00:08]} 16. Bd3 {[%clk 00:36:10]} {[%emt 00:03:15]} Rdf8 {[%clk 00:39:00]}
{[%emt 00:03:14]} 17. Qa4 {[%clk 00:33:37]} {[%emt 00:02:44]} a5 {[%emt
00:02:40]} 18. c5 {[%emt 00:01:38]} dxc5 {[%clk 00:31:07]} {[%emt 00:03:45]} 19.
Bb5 {[%clk 00:32:44]} {[%emt 00:01:02]} Rh7 {[%clk 00:31:10]} {[%emt 00:00:07]}
20. Bxd7+ {[%clk 00:27:30]} {[%emt 00:05:25]} Rxd7 {[%clk 00:31:07]} {[%emt
00:00:12]} 21. dxc5 {[%clk 00:25:44]} {[%emt 00:01:56]} Qxc3 {[%clk 00:29:41]}
{[%emt 00:01:36]} 22. Qxd7+ {[%clk 00:25:35]} {[%emt 00:00:19]} Kb8 {[%clk
00:29:05]} {[%emt 00:00:45]} 23. Bxc7+ {[%clk 00:24:39]} {[%emt 00:01:07]} Ka8
{[%clk 00:28:07]} {[%emt 00:01:08]} 24. Kf2 {[%clk 00:21:41]} {[%emt 00:03:08]}
bxc5 {[%clk 00:24:24]} {[%emt 00:03:53]} 25. Qd3 {[%clk 00:21:08]} {[%emt
00:00:43]} Qg7 {[%clk 00:22:53]} {[%emt 00:01:40]} 26. Bxa5 {[%clk 00:20:56]}
{[%emt 00:00:23]} g4 {[%clk 00:21:14]} {[%emt 00:01:49]} 27. Qc3 {[%clk
00:18:58]} {[%emt 00:02:08]} Qe7 {[%clk 00:20:12]} {[%emt 00:01:11]} 28. Qe5
{[%clk 00:16:23]} {[%emt 00:02:45]} gxf3 {[%clk 00:18:47]} {[%emt 00:01:36]} 29.
gxf3 {[%clk 00:16:06]} {[%emt 00:00:27]} f4 {[%clk 00:17:54]} {[%emt 00:01:02]}
30. exf4 {[%clk 00:14:20]} {[%emt 00:01:56]} Qh4+ {[%clk 00:15:32]} {[%emt
00:02:32]} 31. Ke3 {[%clk 00:14:20]} {[%emt 00:00:09]} Qh3 {[%clk 00:15:10]}
{[%emt 00:00:32]} 32. Rf2 {[%clk 00:14:13]} {[%emt 00:00:17]} Bd5 {[%clk
00:13:50]} {[%emt 00:01:31]} 33. Qd6 {[%clk 00:13:07]} {[%emt 00:01:13]} Rf7
{[%clk 00:12:11]} {[%emt 00:01:53]} 34. Qa6+ {[%clk 00:11:53]} {[%emt
00:01:21]} Kb8 {[%clk 00:12:04]} {[%emt 00:00:19]} 35. Rb1+ {[%clk 00:11:44]}
{[%emt 00:00:19]} Bb7 {[%clk 00:12:06]} {[%emt 00:00:08]} 36. Qd6+ {[%clk
00:11:06]} {[%emt 00:00:48]} Ka8 {[%clk 00:11:25]} {[%emt 00:00:50]} 37. Qd8+
{[%clk 00:10:53]} {[%emt 00:00:23]} Ka7 {[%clk 00:11:23]} {[%emt 00:00:13]} 38.
Bb6+ {[%clk 00:10:52]} {[%emt 00:00:11]} Ka6 {[%clk 00:11:28]} {[%emt
00:00:05]} 39. Qd3+ {[%clk 00:10:57]} {[%emt 00:00:06]} c4 {[%clk 00:11:28]}
{[%emt 00:00:09]} 40. Qxc4# {[%clk 00:11:01]} {[%emt 00:00:06]} 1-0

[Event "ABC-4 2025 Groep A"]
[Site "Utrecht"]
[Date "2025.03.16"]
[Round "5.6"]
[White "Elferink, Leon"]
[Black "Mastop, Guido"]
[Result "0-1"]
[WhiteFideId "8708084"]
[BlackFideId "8879915"]
[WhiteElo "1926"]
[BlackElo "1778"]

1. e4 {[%clk 00:55:17]} {[%emt 00:00:02]} c5 {[%clk 00:55:17]} {[%emt
00:00:04]} 2. Nf3 {[%clk 00:55:22]} {[%emt 00:00:05]} Nc6 {[%clk 00:55:22]}
{[%emt 00:00:05]} 3. Bb5 {[%clk 00:55:09]} {[%emt 00:00:23]} e6 {[%clk
00:55:01]} {[%emt 00:00:31]} 4. O-O {[%clk 00:53:18]} {[%emt 00:02:02]} Nge7
{[%clk 00:53:00]} {[%emt 00:02:11]} 5. Re1 {[%clk 00:53:09]} {[%emt 00:00:19]}
a6 {[%clk 00:52:45]} {[%emt 00:00:25]} 6. Bf1 {[%clk 00:52:54]} {[%emt
00:00:24]} g6 {[%clk 00:50:48]} {[%emt 00:02:08]} 7. c3 {[%clk 00:45:40]}
{[%emt 00:07:24]} Bg7 {[%clk 00:48:47]} {[%emt 00:02:11]} 8. d4 {[%clk
00:45:20]} {[%emt 00:00:31]} cxd4 {[%clk 00:48:51]} {[%emt 00:00:06]} 9. cxd4
{[%clk 00:45:25]} {[%emt 00:00:05]} d5 {[%clk 00:48:15]} {[%emt 00:00:46]} 10.
e5 {[%clk 00:36:07]} {[%emt 00:09:28]} Bd7 {[%clk 00:44:52]} {[%emt 00:03:33]}
11. Nc3 {[%clk 00:33:00]} {[%emt 00:03:16]} O-O {[%clk 00:42:53]} {[%emt
00:02:10]} 12. b3 {[%clk 00:31:44]} {[%emt 00:01:25]} b5 {[%clk 00:41:35]}
{[%emt 00:01:29]} 13. Bb2 {[%clk 00:30:43]} {[%emt 00:01:11]} Qb6 {[%clk
00:39:49]} {[%emt 00:01:56]} 14. a3 {[%clk 00:25:50]} {[%emt 00:05:04]} f6
{[%clk 00:36:53]} {[%emt 00:03:06]} 15. b4 {[%clk 00:23:50]} {[%emt 00:02:09]}
fxe5 {[%clk 00:35:00]} {[%emt 00:02:02]} 16. dxe5 {[%clk 00:23:42]} {[%emt
00:00:19]} Nxe5 {[%clk 00:34:15]} {[%emt 00:00:54]} 17. Nd4 {[%clk 00:14:56]}
{[%emt 00:08:57]} Nc4 {[%clk 00:32:13]} {[%emt 00:02:12]} 18. Nxd5 {[%clk
00:12:39]} {[%emt 00:02:27]} Nxd5 {[%clk 00:31:40]} {[%emt 00:00:43]} 19. Bxc4
{[%clk 00:12:44]} {[%emt 00:00:06]} bxc4 {[%emt 00:01:34]} 0-1